Pioneros del diseño moderno : de William Morris a Walter Gropius /

Análisis del nacimiento del diseño y arte modernos, cuyo contenido abarca una trayectoria comprendida entre las doctrinas del inglés William Morris (1834-1896) y las obras del arquitecto alemán Walter Gropius (1883-1969) y el movimiento de la escuela Bauhaus.

Uloženo v:
Podrobná bibliografie
Hlavní autor: Pevsner, Nikolaus (autor)
Médium: Kniha
Jazyk:španělština
Vydáno: Buenos Aires, Argentina : Infinito, 2000, c2000
Vydání:3a edición
Témata:
Tagy: Přidat tag
Žádné tagy, Buďte první, kdo vytvoří štítek k tomuto záznamu!

MARC

LEADER 00000nam^a2200000^a^4500
001 000156466
005 20250521000000.0
009 20260310100504.636
020 |a 987-9393-03-1 
037 |a Acervo ITESO - Biblioteca 
041 |a ESP 
082 |a 709. 04  |b PEV 
100 |a Pevsner, Nikolaus  |e (autor) 
240 1 1 |a [Pioneros del diseño moderno: de William Morris a Walter Gropius] 
245 1 0 |a Pioneros del diseño moderno :  |b de William Morris a Walter Gropius /  |c N. Pevsner ; tr. por Odilia E. Suárez, Emma Gregores. 
250 |a 3a edición  |b revisada 
264 4 |a Buenos Aires, Argentina :  |b Infinito,  |c 2000, c2000 
300 |a 208 p. 
336 |a texto  |b txt  |2 rdacontenido 
337 |a sin mediación  |b n  |2 rdamedio 
338 |a volumen  |b nc  |2 rdasoporte 
500 |a Traducción de: Pioneers of Modern Design: From William Morris to Walter Gropius 
520 |a Análisis del nacimiento del diseño y arte modernos, cuyo contenido abarca una trayectoria comprendida entre las doctrinas del inglés William Morris (1834-1896) y las obras del arquitecto alemán Walter Gropius (1883-1969) y el movimiento de la escuela Bauhaus. 
649 |a XX 
650 |a Diseño -  |x Historia y Crítica 
650 |a Art Nouveau -  |x Historia y Crítica 
650 |a Pintura Moderna -  |x Historia y Crítica 
650 |a Arquitectura Moderna -  |x Historia y Crítica 
650 |a Arte Moderno -  |x Historia y Crítica -  |x Tema Principal 
650 |a Arte -  |x Teoría 
910 |a Fondo General 
920 |a Impresos - Libros 
930 |a Colección General 
905 |a 101 
901 |a 0500084309  |b IT1  |c ACC  |u 20250521 
902 |a https://opac.biblio.iteso.mx/vufind/Record/000156466